000 00513 a2200157 4500
999 _c6102
_d6102
020 _a9780124199750
050 _aTA1530RAD2015
100 _aRadamson, Henry
_eauthor
245 _aMonolithic Nanoscale Photonics-Electronics Intergration in Silicon and other group IV Elements /
_cHenry Radamson and Thyle'n Lars
264 _aNew York:
_bElservier,
_c2015
300 _a168p. :
500 _aincudes table of contents
650 _aelectronics
700 _aThyl'en Lars
_eauthor
942 _2lcc
_cBK
_h1530
_iRAD
_kTA